000 00595nam a22002057a 4500
005 20250729114703.0
010 _aB-740593 ENG-146234
020 _a9780143419549
_c1999.00
035 _aB-740593
035 _aEN-129766
037 _bGift
037 _bDBAD
082 _a503
245 _aUltimate family visual dictionary
260 _bDorling Kindersley Book
_c2013
_aLondon
270 _a80 Strand
_bLondon
300 _a672p.:
_c24cm(Hb)
_bill.
942 _2ddc
_cRF
_mULT
_h503
999 _c179775
_d179775